IFM Opac

ONE KIND OF FREEDOM (Record no. 14315)

MARC details
000 -LEADER
fixed length control field 00220nam a22001097a 4500
020 ## - INTERNATIONAL STANDARD BOOK NUMBER
International Standard Book Number 0521214505
082 ## - DEWEY DECIMAL CLASSIFICATION NUMBER
Classification number 330.97.604 RAN
100 ## - MAIN ENTRY--PERSONAL NAME
Personal name RANSOM , R. L.
245 ## - TITLE STATEMENT
Title ONE KIND OF FREEDOM
260 ## - PUBLICATION, DISTRIBUTION, ETC.
Place of publication, distribution, etc. 1977
942 ## - ADDED ENTRY ELEMENTS (KOHA)
Koha item type Books
Holdings
Withdrawn status Lost status Damaged status Not for loan Home library Current library Shelving location Date acquired Total Checkouts Full call number Barcode Date last seen Price effective from Koha item type
Withdrawn       IFM Main Campus Library IFM Main Campus Library Archival Collection 12/02/2015   330.97.604 RAN 0000009394 12/02/2015 02/19/2022 Books